000 nam a22 7a 4500
999 _c174537
_d174537
003 Nust
005 20170131125723.0
008 170131b xxu||||| |||| 00| 0 eng d
040 _c0
050 _a628 GUL
082 _a628 GUL
100 _aGulzar,Aqib
245 _aRemoval Of Trace Organics From Aqueous Solutions Using Low-Temperature Activated Charcoal
_cAqib Gulzar
260 _aRawalpindi
_bIESE (SCEE) NUST
_c1999.
300 _a67 p.
_bHB.
440 _aMS Environmental Engineering
500 _aThesis MS EE
650 _aEnvironmental Engineering
700 _4Dr. Zafar Iqbal Bhatti (Supervisor)
942 _2ddc
_cTHE
_kIESE